|
|
|
|
| LEADER |
00704nam a2200241Ia 4500 |
| 001 |
CTU_124417 |
| 008 |
210402s9999 xx 000 0 und d |
| 020 |
|
|
|c 1680000
|
| 082 |
|
|
|a 636.7089
|
| 082 |
|
|
|b E85/Vol.2
|
| 100 |
|
|
|a Ettinger, Stephen J.
|
| 245 |
|
0 |
|a Textbook of veterinary internal medicine :
|
| 245 |
|
0 |
|b Diseases of the dog and cat
|
| 245 |
|
0 |
|c Stephen J. Ettinger, Edward C. Feldman
|
| 260 |
|
|
|a Philadelphia, PA
|
| 260 |
|
|
|b Saunders/Elsevier
|
| 260 |
|
|
|c 2005
|
| 526 |
|
|
|a Bệnh nội khoa
|
| 526 |
|
|
|b NN748
|
| 650 |
|
|
|a Dogs,Cats,Veterinary medicine
|
| 650 |
|
|
|x Diseases,Diseases
|
| 904 |
|
|
|i Minh
|
| 980 |
|
|
|a Trung tâm Học liệu Trường Đại học Cần Thơ
|